Cargando...

Probability Theory and Mathematical statistics

Detalles Bibliográficos
Autor principal: Ito, K
Otros Autores: Ito, K & Prokhorov, J V
Formato: Printed Book
Lenguaje:English
Publicado: Berlin Springer 1983
Edición:1st ed.
Materias:
LEADER 00515nam a2200157Ia 4500
008 101204s9999 xx 000 0 eng d
100 |a Ito, K 
245 |a Probability Theory and Mathematical statistics 
250 |a 1st ed. 
260 |b Springer  |a Berlin  |c 1983 
300 |a 746 
650 |a Probability Theory 
700 |a Ito, K & Prokhorov, J V 
942 |c BK 
999 |c 187541  |d 187541 
952 |0 0  |1 0  |4 0  |6 517_000000000000000_ITO_P  |7 0  |9 206845  |a STA  |b STA  |c ST1  |d 2010-12-04  |i 65  |l 0  |o 517 ITO/P  |p STA65  |r 2018-08-21  |w 2018-08-21  |y BK